都道府県別農業産出額上位5品目 - Statistics

General Stats
  • This quiz has been taken 376 times
  • The average score is 112 of 235
Answer Stats
都道府県 順位 品目 % Correct
宮城県 一位
93%
秋田県 一位
93%
山形県 一位
93%
福島県 一位
93%
茨城県 一位
93%
栃木県 一位
93%
埼玉県 一位
93%
千葉県 一位
93%
富山県 一位
93%
石川県 一位
93%
福井県 一位
93%
岐阜県 一位
93%
三重県 一位
93%
滋賀県 一位
93%
大阪府 一位
93%
兵庫県 一位
93%
奈良県 一位
93%
鳥取県 一位
93%
島根県 一位
93%
山口県 一位
93%
徳島県 一位
93%
福岡県 一位
93%
佐賀県 一位
93%
大分県 一位
93%
青森県 二位
93%
岩手県 二位
93%
長野県 二位
93%
岡山県 二位
93%
広島県 二位
93%
香川県 二位
93%
愛媛県 二位
93%
高知県 二位
93%
北海道 三位
93%
山梨県 三位
93%
静岡県 三位
93%
熊本県 三位
93%
和歌山県 四位
93%
宮崎県 五位
93%
愛知県 一位
92%
京都府 一位
92%
新潟県 一位
91%
青森県 一位 りんご
86%
長野県 三位 りんご
86%
秋田県 五位 りんご
86%
和歌山県 一位 みかん
83%
愛媛県 一位 みかん
83%
静岡県 二位 みかん
83%
佐賀県 三位 みかん
83%
長崎県 四位 みかん
83%
大阪府 五位 みかん
83%
長野県 一位 ぶどう
81%
大阪府 二位 ぶどう
81%
山形県 三位 ぶどう
81%
岡山県 三位 ぶどう
81%
福岡県 四位 ぶどう
81%
石川県 五位 ぶどう
81%
島根県 五位 ぶどう
81%
山梨県 一位 ぶどう
80%
群馬県 四位 キャベツ
78%
神奈川県 四位 キャベツ
78%
福島県 二位 もも
76%
山梨県 二位 もも
76%
和歌山県 五位 もも
76%
徳島県 五位 にんじん
74%
長野県 四位 レタス
71%
熊本県 二位 トマト
66%
福井県 三位 トマト
66%
岐阜県 四位 トマト
66%
埼玉県 二位 ねぎ
65%
沖縄県 二位 さとうきび
65%
京都府 三位 ねぎ
65%
大阪府 三位 ねぎ
65%
大分県 五位 ねぎ
65%
高知県 一位 なす
63%
福岡県 二位 いちご
63%
奈良県 三位 いちご
63%
大阪府 四位 なす
63%
栃木県 五位 いちご
63%
香川県 五位 いちご
63%
佐賀県 五位 いちご
63%
長崎県 五位 いちご
63%
兵庫県 四位 たまねぎ
62%
埼玉県 三位 きゅうり
59%
神奈川県 三位 だいこん
59%
宮崎県 四位 きゅうり
59%
福島県 五位 きゅうり
59%
石川県 四位 すいか
57%
福井県 四位 すいか
57%
群馬県 一位
52%
東京都 一位 こまつな
52%
神奈川県 一位
52%
秋田県 二位
52%
千葉県 二位
52%
愛知県 二位
52%
鹿児島県 二位
52%
岩手県 三位
52%
茨城県 三位
52%
栃木県 三位
52%
新潟県 三位
52%
富山県 三位
52%
広島県 三位
52%
愛媛県 三位
52%
長崎県 三位
52%
大分県 三位
52%
宮崎県 三位
52%
沖縄県 三位
52%
宮城県 四位
52%
山形県 四位
52%
三重県 四位
52%
滋賀県 四位 大豆
52%
青森県 五位
52%
岐阜県 五位
52%
山口県 五位
52%
熊本県 五位
52%
静岡県 四位 茶(生葉)
50%
長野県 五位 はくさい
50%
京都府 五位 茶(生葉)
50%
奈良県 二位 かき
49%
和歌山県 三位 かき
49%
東京都 二位 ほうれんそう
48%
埼玉県 五位 ほうれんそう
48%
奈良県 五位 ほうれんそう
48%
長崎県 二位 ばれいしょ
40%
北海道 五位 ばれいしょ
40%
鹿児島県 五位 ばれいしょ
40%
岡山県 一位 鶏卵
31%
広島県 一位 鶏卵
31%
香川県 一位 鶏卵
31%
茨城県 二位 鶏卵
31%
神奈川県 二位 鶏卵
31%
新潟県 二位 鶏卵
31%
富山県 二位 鶏卵
31%
石川県 二位 鶏卵
31%
福井県 二位 鶏卵
31%
岐阜県 二位 鶏卵
31%
三重県 二位 鶏卵
31%
京都府 二位 鶏卵
31%
兵庫県 二位 鶏卵
31%
山口県 二位 鶏卵
31%
宮城県 三位 鶏卵
31%
秋田県 三位 鶏卵
31%
福島県 三位 鶏卵
31%
群馬県 三位 鶏卵
31%
千葉県 三位 鶏卵
31%
愛知県 三位 鶏卵
31%
福岡県 三位 鶏卵
31%
青森県 四位 鶏卵
31%
栃木県 四位 鶏卵
31%
埼玉県 四位 鶏卵
31%
島根県 四位 鶏卵
31%
愛媛県 四位 鶏卵
31%
鹿児島県 四位 鶏卵
31%
滋賀県 五位 鶏卵
31%
沖縄県 五位 鶏卵
31%
静岡県 一位 鶏卵
30%
和歌山県 二位 うめ
29%
高知県 四位 にら
29%
愛知県 四位 きく(切り花)
24%
沖縄県 四位 きく(切り花)
24%
北海道 四位 乳牛
22%
岩手県 一位 ブロイラー
20%
鳥取県 二位 ブロイラー
20%
宮崎県 二位 ブロイラー
20%
青森県 三位 ブロイラー
20%
徳島県 三位 ブロイラー
20%
香川県 三位 ブロイラー
20%
鹿児島県 三位 ブロイラー
20%
山口県 四位 ブロイラー
20%
佐賀県 四位 ブロイラー
20%
北海道 一位 生乳
18%
栃木県 二位 生乳
18%
群馬県 二位 生乳
18%
石川県 三位 生乳
18%
滋賀県 三位 生乳
18%
鳥取県 三位 生乳
18%
島根県 三位 生乳
18%
千葉県 四位 生乳
18%
東京都 四位 生乳
18%
新潟県 四位 生乳
18%
富山県 四位 生乳
18%
京都府 四位 生乳
18%
奈良県 四位 生乳
18%
岡山県 四位 生乳
18%
熊本県 四位 生乳
18%
大分県 四位 生乳
18%
岩手県 五位 生乳
18%
宮城県 五位 生乳
18%
茨城県 五位 生乳
18%
神奈川県 五位 生乳
18%
愛知県 五位 生乳
18%
三重県 五位 生乳
18%
兵庫県 五位 生乳
18%
広島県 五位 生乳
18%
福岡県 五位 生乳
18%
徳島県 二位 かんしょ
17%
茨城県 四位 かんしょ
17%
千葉県 五位 かんしょ
17%
高知県 三位 しょうが
16%
沖縄県 一位 肉用牛
14%
山形県 二位 おうとう
14%
長崎県 一位 肉用牛
13%
熊本県 一位 肉用牛
13%
宮崎県 一位 肉用牛
13%
鹿児島県 一位 肉用牛
13%
北海道 二位 肉用牛
13%
宮城県 二位 肉用牛
13%
滋賀県 二位 肉用牛
13%
島根県 二位 肉用牛
13%
佐賀県 二位 肉用牛
13%
大分県 二位 肉用牛
13%
岐阜県 三位 肉用牛
13%
三重県 三位 肉用牛
13%
兵庫県 三位 肉用牛
13%
山口県 三位 肉用牛
13%
岩手県 四位 肉用牛
13%
秋田県 四位 肉用牛
13%
福島県 四位 肉用牛
13%
鳥取県 四位 肉用牛
13%
広島県 四位 肉用牛
13%
徳島県 四位 肉用牛
13%
香川県 四位 肉用牛
13%
山形県 五位 肉用牛
13%
群馬県 五位 肉用牛
13%
富山県 五位 肉用牛
13%
福井県 五位 肉用牛
13%
岡山県 五位 肉用牛
13%
高知県 五位 みょうが
10%
愛媛県 五位 いよかん
9%
東京都 三位 日本なし
6%
山梨県 四位 すもも
6%
鳥取県 五位 日本なし
6%
新潟県 五位 ひな(他都道府県販売)
1%
静岡県 五位 荒茶
1%
東京都 五位 切り葉
0%
山梨県 五位 洋ラン類(鉢)
0%
No matching quizzes found
Score Distribution
Percent of People with Each Score
Percentile by Number Answered
Your Score History
You have not taken this quiz